Every Song by Motionless in White - Statistics

General Stats
  • This quiz has been taken 152 times
    18 since last reset
  • The average score is 37 of 95
Answer Stats
Album Song % Correct
Disguise(2019) Disguise
94%
Scoring the End of the World(2022) Werewolf
94%
Scoring the End of the World(2022) Masterpiece
88%
Reincarnate(2014) Reincarnate
88%
Scoring the End of the World(2022) Sign of Life
88%
Graveyard Shift(2017) Eternally Yours
81%
Scoring the End of the World(2022) Meltdown
81%
Scoring the End of the World(2022) Scoring the End of the World
81%
Infamous(2012) A-M-E-R-I-C-A
75%
Disguise(2019) Another Life
75%
Disguise(2019) </c0de>
75%
Graveyard Shift(2017) Voices
75%
Creatures(2010) City Lights
69%
Creatures(2010) Creatures
69%
Scoring the End of the World(2022) Cyberhex
69%
Infamous(2012) Infamous
69%
Scoring the End of the World(2022) Red, White & Boom
69%
Scoring the End of the World(2022) Slaughterhouse
69%
Graveyard Shift(2017) Soft
69%
Scoring the End of the World(2022) Porcelain
63%
Graveyard Shift(2017) Rats
63%
Disguise(2019) Thoughts & Prayers
63%
Graveyard Shift(2017) 570
56%
Scoring the End of the World(2022) B.F.B.T.G.: Corpse Nation
56%
Disguise(2019) Brand New Numb
56%
Infamous(2012) Burned at Both Ends
56%
Scoring the End of the World(2022) Burned at Both Ends II
56%
Disguise(2019) Headache
56%
Graveyard Shift(2017) Necessary Evil
56%
The Whorror(2007) Black
50%
Reincarnate(2014) Death March
50%
Infamous(2012) Hatefuck
50%
Scoring the End of the World(Bonus)(2022) Hollow Points
50%
Creatures(2010) Immaculate Misconception
50%
Scoring the End of the World(Bonus)(2022) Timebomb
50%
Creatures(2010) Abigail
44%
Disguise(2019) Broadcasting from Beyond the Grave: Death Inc.
44%
Disguise(2019) Catharsis
44%
Scoring the End of the World(2022) Cause of Death
44%
Disguise(2019) Holding on to Smoke
44%
Disguise(2019) Legacy
44%
Graveyard Shift(2017) Loud (Fuck It)
44%
Graveyard Shift(2017) Not My Type: Dead as Fuck 2
44%
Scoring the End of the World(2022) We Become the Night
44%
Infamous(2012) Black Damask (The Fog)
38%
Reincarnate(2014) Contemptress
38%
Infamous(2012) Devil's Night
38%
Reincarnate(2014) Everybody Sells Cocaine
38%
Graveyard Shift(2017) Hourglass
38%
Graveyard Shift(2017) Queen for Queen
38%
Graveyard Shift(2017) The Ladder
38%
Reincarnate(2014) Unstoppable
38%
Graveyard Shift(2017) Untouchable
38%
Reincarnate(2014) Dead as Fuck
31%
Infamous(2012) Puppets 2 (The Rain)
31%
Creatures(2010) Puppets (The First Snow)
31%
Infamous(2012) Sinematic
31%
Infamous(2012) Synthetic Love
31%
Infamous(2012) The Divine Infection
31%
Creatures(2010) Undead Ahead
31%
Disguise(2019) Undead Ahead 2: The Tale of the Midnight Ride
31%
Reincarnate(2014) Wasp
31%
Reincarnate(2014) Break the Cycle
25%
Non-Album(2020) Creatures X: To the Grave
25%
Scoring the End of the World(Bonus)(2022) Fool's Gold
25%
Reincarnate(2014) Puppets 3 (The Grand Finale)
25%
Infamous(2012) Underdog
25%
Creatures(2010) We Only Come Out at Night
25%
Reincarnate(2014) Dark Passenger
19%
Infamous(2012) If It's Dead, We'll Kill It
19%
Creatures(2010) Scissorhands (The Last Snow)
19%
The Whorror(2007) The Whorror
19%
Reincarnate(2014) Carry the Torch
13%
Creatures(2010) Cobwebs
13%
Infamous(Bonus)(2012) Fatal
13%
Reincarnate(2014) Generation Lost
13%
Creatures(2010) London in Terror
13%
When Love Met Destruction(2009) Billy in 4-C Never Saw It Coming
6%
Creatures(2010) .Com Pt. II
6%
Reincarnate(2014) Final Dictvm
6%
When Love Met Destruction(2009) Ghost in the Mirror
6%
The Whorror(2007) Just When You Thought We Couldn't Get Any More Emo, We Go and Pull a Stunt Like This
6%
Infamous(Bonus)(2012) Sick from the Melt
6%
The Whorror(2007) Apocolips
0%
Motionless in White(2005) Bleed in Black and White
0%
Creatures(2010) Count Choculitis
0%
When Love Met Destruction(2009) Destroying Everything
0%
The Whorror(2007) Schitzophrenicannibalisticsexfest
0%
The Whorror(2007) She Never Made It to the Emergency Room
0%
When Love Met Destruction(2009) The Seventh Circle
0%
When Love Met Destruction(2009) To Keep from Getting Burned
0%
Motionless in White(2005) Trace Out the Heart
0%
Motionless in White(2005) ...Violets are Blue
0%
The Whorror(2007) We Put the Fun in Funeral
0%
When Love Met Destruction(2009) Whatever You Do... Don't Push the Red Button
0%
No matching quizzes found
Score Distribution
Percent of People with Each Score
Percentile by Number Answered
Your Score History
You have not taken this quiz since the last reset